000 00699nam a2200241Ia 4500
003 OSt
005 20221005131529.0
006 a|||||r|||| 00| 0
007 ta
008 221004b |||||||| |||| 00| 0 eng d
024 _a51988
037 _cTextual
040 _aCRL
_cCRL
_beng
041 _2eng
_aeng
082 _aR3xK32;9z7, G3 under size
100 _aAlexander S
_978846
245 0 _aSpinoza
_b An address in commemoration of the tercentenary of Spinoza's birth
260 _c1933
490 _aManchester University Lectures; 29
650 _aPHILOSOPHY
942 _hR3xK32;9z7, G3 under size
_cTEXL
_2cc
999 _c1060617
_d1060617